000 00649nam a2200277Ia 4500
005 20260324114939.0
008 008 260324s9999 xx 000 0 eng d
020 _a9780429342615
037 _aEBOOK
040 _aCRL
040 _beng
040 _cCRL
041 _2eng
041 _aeng
084 _qCRL
100 _aNeeraj Kumar; Aaisha Makkar
_91152772
245 0 _aMachine Learning in Cognitive IoT
260 _bTaylor and Francis
260 _c2020
365 _a
365 _b185
856 _uhttp://www.taylorfrancis.com/books/9780429342615
942 _cEBOOK
999 _c1743272
_d1743272